00544nam a2200193 a 4500001001300000003000900013005001700022008004100039020001000080082002000090100003700110245003600147260005200183300000900235500003500244505001300279650002100292700003700313nice12345678IN_TiNIC20260116012202.0050524s1922 lona grp 000 0 urd  ac10000a225.591439bBFS aBritish & Foreign, Bible Society aInjil-I-Muqaddas in Roman Urdu. aLondonbBritish and Foreign Bible Societyc1922 a374p aincludes index and biblioraphy2 aappendix aBible-Urdu-Roman1 aBritish & Foreign, Bible Society